Word Ladder: Swing Time! II Quiz Stats

 Plays Quiz Updated Dec 16, 2018

     
Support Sporcle.
Go Orange.
Score 0/13 Timer 02:00
0 Plays Today
Clue 4-Letter Word % Correct
A green citrus fruitLIME
97.1%
Say hello with your handWAVE
95.3%
Not stiff or rigidLIMP
87.5%
MARRS hit '___ Up the Volume'PUMP
86%
Oscar-winning song by Three 6 Mafia: 'It's Hard Out Here for a ___'PIMP
84.2%
Pink Floyd refer to another brick in thisWALL
83%
American rapper of Nigerian descentWALE
75.7%
Made an oriental carpetWOVE
72.9%
Rock band who sang 'Lightning Crashes'LIVE
55.3%
Another name for the god JupiterJOVE
48.3%
[Rung 1] [Rung 7] an' [Rung 13]: Song by Louis Prima covered by the Brian Setzer Orchestra★ JUMP ★
46.3%
[Rung 1] [Rung 7] an' [Rung 13]: Song by Louis Prima covered by the Brian Setzer Orchestra★ JIVE ★
44.5%
[Rung 1] [Rung 7] an' [Rung 13]: Song by Louis Prima covered by the Brian Setzer Orchestra★ WAIL ★
33.4%

Today's Daily Dose

Missing Word
SNL First Names

Word Ladder
Jewish Holidays

Quick Pick
2011 Events

Get the Picture
Border Landmarks

From the Vault

Geography 'B' Blitz

by nspyred

We expect all Sporclers to get an 'A' in geography, not a 'B'...
Remove Ads.
Support Sporcle.
Get the best of Sporcle when you Go Orange. This ad-free experience offers more features, more stats, and more fun while also helping to support Sporcle. Thank you for becoming a member.

Show Comments

Extras

Top Quizzes Today


Score Distribution

Your Account Isn't Verified!

In order to create a playlist on Sporcle, you need to verify the email address you used during registration. Go to your Sporcle Settings to finish the process.

Report this User

Report this user for behavior that violates our Community Guidelines.

Details: